Fictional Countries by Flag - Statistics

General Stats
  • This quiz has been taken 5 times
  • The average score is 18 of 28
Answer Stats
Picture Answer % Correct
Biscay
100%
Khyaoruea
100%
Khyaoruea
100%
Yiraquil
100%
Asam
75%
Bailian
75%
Guangyue
75%
Hazaangwa
75%
Izheçate
75%
Jashari
75%
Kanyari
75%
Kienhua
75%
Lagousenia
75%
Lothyuse
75%
Ngabasa
75%
Sabakurieu
75%
Sakairam
75%
Wanik
75%
Hwalinokay
50%
Kairen
50%
Kassereich Of Aquantina
50%
Meschenia
50%
Seokuran
50%
Kíjanrìki
25%
Myungarluk
25%
Pulohguloh
25%
Yarvinsk
25%
Yuran
25%
No matching quizzes found
Score Distribution
Percent of People with Each Score
Percentile by Number Answered
Your Score History
You have not taken this quiz